Loreto College Library, Kolkata
WEBOPAC (ONLINE PUBLIC ACCESS CATALOGUE)

King Arthur (Record no. 31402)

MARC details
000 -LEADER
fixed length control field 00459nam a2200169Ia 4500
008 - FIXED-LENGTH DATA ELEMENTS--GENERAL INFORMATION
fixed length control field 131103s9999 xx 000 0 und d
040 ## - CATALOGING SOURCE
Original cataloging agency Loreto College
041 ## - LANGUAGE CODE
Language code English
082 ## - DDC | ডিউই
Classification number | বর্গসংখ্যা CHBK
Book Number | গ্রন্থাঙ্ক #NAME?
100 ## - MAIN ENTRY--PERSONAL NAME | মুখ্য সংলেখ - ব্যাক্তিনাম
Personal name | ব্যাক্তিনাম Fraser, Antonia
245 ## - TITLE STATEMENT | অাখ্যা বিবরণী
Title | অাখ্যা King Arthur
Sub title | উপঅাখ্যা and the knights of the round table
Statement of responsibility | লেখকের দায়িত্বের বিবরণ Antonia Fraser
260 ## - IMPRINT | প্রকাশনা ক্ষেত্র
Place of publication | প্রকাশ স্থান London
Name of publisher | প্রকাশকের নাম Dragon
Date of publication | প্রকাশ কাল 1970
300 ## - PHYSICAL DESCRIPTION |
Page / Vol. No | পৃষ্ঠা / খন্ড সংখ্যা 172p.
Other physical details | অনান্য বাহ্যিক বিবরণ ill.
650 ## - SUBJECT ADDED ENTRY--TOPICAL TERM | বিষয় শিরোনাম - মূল বিষয়
Topical term | মূল বিষয় CHBK - 1
850 ## - HOLDING INSTITUTION
Holding institution LCBED/CHBK - 1/FRA
942 ## - ADDED ENTRY ELEMENTS (KOHA)
Koha item type Books
Holdings
Withdrawn status Lost status Damaged status Not for loan Home library Current library Date acquired Total Checkouts Full call number Accession No. Date last seen Price effective from Koha item type
        Loreto College Loreto College 04/11/2013   CHBK B34251 04/11/2013 04/11/2013 Books